[Event "XXIII SZACHOWE MISTRZOSTWA POLSKI DUCHOWIENSTWA"]
[Site "WSD Towarzystwa Chrystusowego w Poznaniu"]
[Date "1899-12-30"]
[Round "8.12"]
[White "Burgat, Boguslaw"]
[Black "Domaraczenko, Krzysztof"]
[Result "0-1"]
[WhiteTitle "III"]
[BlackTitle "II"]
[WhiteElo "1562"]
[BlackElo "1538"]

1. e4 e5 2. Nf3 Nc6 3. Bb5 a6 4. Ba4 Nf6 5. O-O Bc5 6. c3 O-O 7. Re1 b5 8. Bc2
h6 9. d4 exd4 10. cxd4 Ba7 11. e5 Nd5 12. Bb3 Nde7 13. d5 Na5 14. Bc2 Ng6 15.
Qd3 c5 16. g3 c4 17. Qe4 f5 18. exf6 Qxf6 19. Qxg6 Bxf2+ 20. Kf1 Qxg6 21. Bxg6
Bxe1 22. Kxe1 Rxf3 23. Bd2 Nb7 24. Bf4 Nc5 25. Ke2 Rd3 26. Nc3 Bb7 27. Ne4 Nxe4
28. Bxe4 Re8 29. Kf2 Rxe4 0-1

[Event "XXIII SZACHOWE MISTRZOSTWA POLSKI DUCHOWIENSTWA"]
[Site "WSD Towarzystwa Chrystusowego w Poznaniu"]
[Date "1899-12-30"]
[Round "8.13"]
[White "Kubasik, Adam"]
[Black "Grela, Franciszek"]
[Result "1-0"]
[WhiteTitle "III"]
[BlackTitle "II"]
[WhiteElo "1491"]
[BlackElo "1600"]

1. e4 g6 2. Nf3 Bg7 3. Bc4 d6 4. O-O Nf6 5. Nc3 O-O 6. h3 Nc6 7. d4 a6 8. e5 dxe5
9. dxe5 Qxd1 10. Rxd1 Nd7 11. e6 Nde5 12. exf7+ Kh8 13. Nxe5 Nxe5 14. Bb3 c5 15.
a3 c4 16. Ba2 b5 17. Nd5 Bf5 18. Ne3 Rxf7 19. Nxf5 gxf5 1-0

[Event "XXIII SZACHOWE MISTRZOSTWA POLSKI DUCHOWIENSTWA"]
[Site "WSD Towarzystwa Chrystusowego w Poznaniu"]
[Date "1899-12-30"]
[Round "9.1"]
[White "Sola, Wojciech"]
[Black "Pawlowski, Slawomir"]
[Result "1/2-1/2"]
[WhiteTitle "I"]
[BlackTitle "I"]
[WhiteElo "1797"]
[BlackElo "1757"]

1. c4 Nf6 2. Nc3 g6 3. g3 Bg7 4. Bg2 O-O 5. Nf3 d6 6. d4 Nc6 7. O-O e5 8. dxe5
dxe5 9. Bg5 Be6 10. b3 h6 11. Qxd8 Raxd8 12. Bxf6 Bxf6 13. Rad1 Bg7 14. e4 1/2-1/2

[Event "XXIII SZACHOWE MISTRZOSTWA POLSKI DUCHOWIENSTWA"]
[Site "WSD Towarzystwa Chrystusowego w Poznaniu"]
[Date "1899-12-30"]
[Round "9.2"]
[White "Wadrzyk, Zbigniew"]
[Black "Mejzner, Miroslaw"]
[Result "1-0"]
[WhiteTitle "I"]
[BlackTitle "I"]
[WhiteElo "1781"]
[BlackElo "1826"]

1. e4 e5 2. Nf3 Nc6 3. d4 exd4 4. Nxd4 Nf6 5. Nxc6 bxc6 6. Bd3 d5 7. Qe2 Bg4 8.
f3 Be6 9. e5 Nd7 10. O-O Bc5+ 11. Be3 d4 12. Bf4 Bd5 13. Nd2 O-O 14. Bg3 Re8 15.
f4 f5 16. Kh1 g6 17. Qf2 Qe7 18. Bh4 Qf7 19. Nf3 Bb6 20. Rae1 c5 21. b3 c4 22.
bxc4 Bxc4 23. e6 Bxe6 24. Ng5 Qf8 25. Nxe6 Qd6 26. Ng5 Re3 27. Bc4+ Kg7 28. Qd2
Rae8 29. Bf2 R3e7 30. Rxe7+ Rxe7 31. Re1 c5 32. Rxe7+ Qxe7 33. Ne6+ Kh8 34. Qe1
h6 35. Bh4 Qd6 36. h3 Qc6 37. Bf6+ Nxf6 38. Qe5 1-0

[Event "XXIII SZACHOWE MISTRZOSTWA POLSKI DUCHOWIENSTWA"]
[Site "WSD Towarzystwa Chrystusowego w Poznaniu"]
[Date "1899-12-30"]
[Round "9.4"]
[White "Przygrodzki, Jakub"]
[Black "Dyrda, Konrad"]
[Result "0-1"]
[WhiteTitle "II+"]
[BlackTitle "II"]
[WhiteElo "1635"]
[BlackElo "1670"]

1. d4 Nf6 2. Bf4 e6 3. e3 d5 4. Nf3 c5 5. Nbd2 Nc6 6. c3 Bd6 7. Bg3 O-O 8. Bd3
Re8 9. Ne5 Bxe5 10. dxe5 Nd7 11. h4 Ncxe5 12. Bxe5 Nxe5 13. Bxh7+ Kxh7 14. Qh5+
Kg8 15. Qxe5 f6 16. Qg3 e5 17. O-O Bf5 18. h5 Bd3 19. Rfe1 Qb6 20. h6 g5 21. Nf3
Kf7 22. Rad1 c4 23. b3 Rh8 24. Qh3 Qe6 25. Qh5+ Bg6 26. Nxg5+ fxg5 27. Qxg5 Rag8
28. bxc4 Be4 29. Qh5+ Qg6 30. Qxg6+ Rxg6 31. Kf1 Bxg2+ 32. Ke2 Rf6 33. f4 exf4
34. cxd5 Rhxh6 35. e4 Bxe4 36. c4 Rh2+ 37. Kf1 Rh1+ 38. Kf2 Rh2+ 39. Kf1 Bf5 40.
d6 Rg6 41. Re7+ Kf6 42. d7 Bh3+ 43. Ke1 Rg1# 0-1

[Event "XXIII SZACHOWE MISTRZOSTWA POLSKI DUCHOWIENSTWA"]
[Site "WSD Towarzystwa Chrystusowego w Poznaniu"]
[Date "1899-12-30"]
[Round "9.5"]
[White "Bak, Stanislaw"]
[Black "Leskauskas, Sarunas"]
[Result "1-0"]
[WhiteTitle "I"]
[BlackTitle "I"]
[WhiteElo "1788"]
[BlackElo "1687"]

1. e4 d6 2. d4 Nd7 3. Nf3 e6 4. c4 c5 5. Nc3 Ngf6 6. Be2 b6 7. e5 dxe5 8. dxe5
Ng4 9. Bf4 Qc7 10. Nb5 Qb8 11. Nd6+ Bxd6 12. exd6 Bb7 13. h3 Ngf6 14. O-O h6 15.
Ne5 Nxe5 16. Bxe5 Nd7 17. Bc3 O-O 18. Bd3 f5 19. Bc2 Qd8 20. Re1 Qg5 21. f3 Rae8
22. Qd2 f4 23. Be4 Bc8 24. Bc6 h5 25. Re4 Rf5 26. Rae1 Kf7 27. R4e2 Qg3 28. Be5
Rd8 29. Bxg7 Kxg7 30. Rxe6 Rdf8 31. Re8 R5f7 32. Qc3+ Nf6 33. d7 Bxd7 34. Bxd7
Rxd7 35. Rxf8 Kxf8 36. Qxf6+ Rf7 37. Qh8+ Qg8 38. Re8+ 1-0

[Event "XXIII SZACHOWE MISTRZOSTWA POLSKI DUCHOWIENSTWA"]
[Site "WSD Towarzystwa Chrystusowego w Poznaniu"]
[Date "1899-12-30"]
[Round "9.7"]
[White "Natoniewski, Sebastian"]
[Black "Mazur, Jan"]
[Result "1/2-1/2"]
[WhiteTitle "II"]
[BlackTitle "II"]
[WhiteElo "1629"]
[BlackElo "1618"]

1. Nf3 Nf6 2. g3 g6 3. Bg2 Bg7 4. O-O O-O 5. d4 d5 6. Bg5 Ne4 7. Bf4 c6 8. Nbd2
Qb6 9. Nb3 Na6 10. Ng5 Bf5 11. Nxe4 Bxe4 12. Bxe4 dxe4 13. c3 f6 14. Qd2 g5 15.
Be3 Qc7 16. f4 exf3 17. exf3 h6 18. f4 Rad8 19. fxg5 hxg5 20. Qf2 b6 1/2-1/2

[Event "XXIII SZACHOWE MISTRZOSTWA POLSKI DUCHOWIENSTWA"]
[Site "WSD Towarzystwa Chrystusowego w Poznaniu"]
[Date "1899-12-30"]
[Round "9.8"]
[White "Zawada, Jan"]
[Black "Januszewski, Marek"]
[Result "1-0"]
[WhiteTitle "IV"]
[BlackTitle "II"]
[WhiteElo "1558"]
[BlackElo "1644"]

1. d4 Nf6 2. Nc3 d5 3. Bg5 Bf5 4. f3 Nbd7 5. e3 h6 6. Bh4 g5 7. Bf2 e5 8. dxe5
Nxe5 9. e4 dxe4 10. Bd4 Bd6 11. fxe4 Nxe4 12. Qe2 Nxc3 13. Bxc3 Qe7 14. O-O-O
O-O-O 15. Re1 Rhe8 16. Qf2 Ng4 17. Qxf5+ 1-0

[Event "XXIII SZACHOWE MISTRZOSTWA POLSKI DUCHOWIENSTWA"]
[Site "WSD Towarzystwa Chrystusowego w Poznaniu"]
[Date "1899-12-30"]
[Round "9.9"]
[White "Szczerbak, Kamil"]
[Black "Kubasik, Adam"]
[Result "1-0"]
[WhiteTitle "III"]
[BlackTitle "III"]
[WhiteElo "1632"]
[BlackElo "1491"]

1. e4 e5 2. Nf3 d6 3. d4 exd4 4. Nxd4 Nf6 5. Nc3 Be7 6. Bc4 c5 7. Bb5+ Bd7 8. Bxd7+
Nbxd7 9. Nf5 O-O 10. Nxd6 Qb6 11. Nf5 Rfe8 12. O-O Rad8 13. Qf3 Ne5 14. Qg3 Ng6
15. Rb1 Bd6 16. Nxd6 Qxd6 17. Qf3 Qc6 18. Bg5 Rd7 19. Bxf6 gxf6 20. Nd5 Rd6 21.
Rfe1 Re5 22. Qg3 Rde6 23. f3 Kg7 24. Rbd1 f5 25. Nf4 Rd6 26. Nxg6 f4 27. Nxe5+
fxg3 28. Nxc6 gxh2+ 29. Kxh2 1-0

[Event "XXIII SZACHOWE MISTRZOSTWA POLSKI DUCHOWIENSTWA"]
[Site "WSD Towarzystwa Chrystusowego w Poznaniu"]
[Date "1899-12-30"]
[Round "9.11"]
[White "Burgat, Boguslaw"]
[Black "Bryk, Blazej"]
[Result "1/2-1/2"]
[WhiteTitle "III"]
[BlackTitle "II"]
[WhiteElo "1562"]
[BlackElo "1644"]

1. e4 e6 2. d4 d5 3. e5 c5 4. Nf3 Nc6 5. c3 Qb6 6. a3 Bd7 7. Be2 Nge7 8. g4 Rc8
9. O-O cxd4 10. cxd4 Na5 11. b4 Nc4 12. Nc3 f6 13. Na4 Qc7 14. Bf4 f5 15. g5 Ng6
16. Be3 b5 17. Nc5 Bxc5 18. Bxc4 bxc4 19. bxc5 O-O 20. Kh1 Be8 21. Ng1 f4 22.
Bd2 Qe7 23. Qg4 Bb5 1/2-1/2

[Event "XXIII SZACHOWE MISTRZOSTWA POLSKI DUCHOWIENSTWA"]
[Site "WSD Towarzystwa Chrystusowego w Poznaniu"]
[Date "1899-12-30"]
[Round "9.12"]
[White "Grela, Franciszek"]
[Black "Kuzio, Andrzej"]
[Result "1/2-1/2"]
[WhiteTitle "II"]
[BlackTitle "II"]
[WhiteElo "1600"]
[BlackElo "1674"]

1. e4 e5 2. Bc4 Nf6 3. d3 h6 4. Nf3 Nc6 5. c3 a6 6. Qb3 d5 7. exd5 Ne7 8. d6 Qxd6
9. Bxf7+ Kd8 10. Qc2 Bg4 11. Nbd2 Ned5 12. h3 Bxf3 13. Nc4 Qe7 14. Bxd5 Nxd5 15.
Nxe5 Qf6 1/2-1/2

[Event "XXIII SZACHOWE MISTRZOSTWA POLSKI DUCHOWIENSTWA"]
[Site "WSD Towarzystwa Chrystusowego w Poznaniu"]
[Date "1899-12-30"]
[Round "9.13"]
[White "Szadkowski, Kamil"]
[Black "Domaraczenko, Krzysztof"]
[Result "1-0"]
[WhiteTitle "II"]
[BlackTitle "II"]
[WhiteElo "1571"]
[BlackElo "1538"]

1. d4 Nf6 2. c4 e6 3. Nf3 Be7 4. Nc3 O-O 5. e4 d5 6. exd5 exd5 7. cxd5 Nxd5 8.
Bc4 Nxc3 9. bxc3 Bg4 10. O-O Re8 11. Bxf7+ Kxf7 12. Ne5+ Kg8 13. Qb3+ 1-0